Selected Statistical Tests. (Record no. 1148)
[ view plain ]
| 005 - DATE AND TIME OF LATEST TRANSACTION | |
|---|---|
| control field | 20250404113907.0 |
| 020 ## - INTERNATIONAL STANDARD BOOK NUMBER | |
| International Standard Book Number | 81-224-1840-6 |
| 082 ## - DEWEY DECIMAL CLASSIFICATION NUMBER | |
| Classification number | 519.56 RAJ |
| 100 ## - MAIN ENTRY--PERSONAL NAME | |
| Author name | RAJAGOPALAN, V. |
| 245 ## - TITLE STATEMENT | |
| Title | Selected Statistical Tests. |
| 260 ## - PUBLICATION, DISTRIBUTION, ETC. | |
| Place of publication, distribution, etc. | New Delhi, |
| Name of publisher, distributor, etc. | New Age International (P) Limited, |
| Date of publication, distribution, etc. | 2006. |
| 300 ## - PHYSICAL DESCRIPTION | |
| Extent | ix,248p.: ill.; figure, table |
| Other physical details | References |
| Dimensions | 24cm |
| 856 ## - ELECTRONIC LOCATION AND ACCESS | |
| Link text | Access Online Book |
| Electronic name | Mathematics |
| Path | www.newagepublishers.com |
| 942 ## - ADDED ENTRY ELEMENTS (KOHA) | |
| Source of classification or shelving scheme | Dewey Decimal Classification |
| Koha item type | Books |
| Date last seen | Total checkouts | Full call number | Barcode | Cost, replacement price | Price effective from | Koha item type | Lost status | Source of classification or shelving scheme | Damaged status | Not for loan | Withdrawn status | Home library | Current library | Shelving location | Date acquired | Cost, normal purchase price |
|---|---|---|---|---|---|---|---|---|---|---|---|---|---|---|---|---|
| 04/04/2025 | 519.56 RAJ | 0000004574 | 30000.00 | 04/04/2025 | Books | Dewey Decimal Classification | College of Business Education Main Library | College of Business Education Main Library | General Collection | 04/04/2025 | 10000.00 | |||||
| 04/04/2025 | 519.56 RAJ | 0000004575 | 30000.00 | 04/04/2025 | Books | Dewey Decimal Classification | College of Business Education Main Library | College of Business Education Main Library | General Collection | 04/04/2025 | 10000.00 | |||||
| 04/04/2025 | 519.56 RAJ | 0000004576 | 30000.00 | 04/04/2025 | Books | Dewey Decimal Classification | College of Business Education Main Library | College of Business Education Main Library | General Collection | 04/04/2025 | 10000.00 |
